Icelandic Cities - Sudden Death - Statistics

General Stats
  • This quiz has been taken 80 times
  • The average score is 5 of 6
Answers on the Grid
Answers color-coded by a green-red scale on the quiz's grid according to % correct below.
Reykjavik
Kópavogur
Hafnarfjörður
Akureyri
Reykjanesbær
Garðabær
Bodø
Brønnøysund
Drøbak
Flekkefjord
Gjøvik
Honningsvåg
 
Answer Stats
Answer % Correct
Reykjavik
95%
Akureyri
78%
Kópavogur
78%
Hafnarfjörður
76%
Garðabær
69%
Reykjanesbær
67%
No matching quizzes found
Score Distribution
Percent of People with Each Score
Percentile by Number Answered
Your Score History
You have not taken this quiz